[Event "It (cat.19)"]
[Site "Novgorod RUS"]
[Date "1994.??.??"]
[Round "10"]
[White "Short, Nigel D"]
[Black "Shirov, Alexei D"]
[Result "1/2-1/2"]
[WhiteElo "2655"]
[BlackElo "2715"]
[PlyCount "35"]
[EventDate "1994.??.??"]
[Source "www.chesslib.no"]
[SourceDate "2004.05.04"]

1. e4 g6 2. d4 Bg7 3. Nf3 d6 4. Be2 Nf6 5. Nc3 O-O 6. O-O c6 7. a4 Nbd7 8. Be3 Qa5 9. Qd2 b6 10. Bh6 Bb7 11. Rad1 Rad8 12. Rfe1 e5 13. Bg5 a6 14. Bf1 Rfe8 15. Qc1 Rc8 16. dxe5 dxe5 17. g3 Nc5 18. h4 1/2-1/2

[Event "SuperGM Tour"]
[Site "Linares SuperGM Tour"]
[Date "1995.??.??"]
[Round "?"]
[White "Tiviakov, Sergei"]
[Black "Shirov, Alexei D"]
[Result "1/2-1/2"]
[WhiteElo "2625"]
[BlackElo "2710"]
[PlyCount "47"]
[EventDate "1995.??.??"]
[Source "www.chesslib.no"]
[SourceDate "2004.05.04"]

1. e4 g6 2. d4 Bg7 3. Nc3 c6 4. Nf3 d6 5. Be3 Nf6 6. h3 O-O 7. Qd2 Nbd7 8. Bh6 e5 9. O-O-O Qa5 10. Bxg7 Kxg7 11. Kb1 b5 12. Ne2 Qxd2 13. Nxd2 Bb7 14. dxe5 dxe5 15. Nc1 Bc8 16. f3 Ne8 17. Ndb3 c5 18. g4 h6 19. Rg1 Bb7 20. h4 Kh8 21. Na1 Nef6 22. Rd6 Bc6 23. Rd5 Rac8 24. Rxd7 1/2-1/2

[Event "Yerevan (ol)"]
[Site "?"]
[Date "1996.??.??"]
[Round "?"]
[White "Polgar, Judit"]
[Black "Azmaiparashvili, Z."]
[Result "1/2-1/2"]
[WhiteElo "2665"]
[BlackElo "2670"]
[PlyCount "97"]
[EventDate "1996.??.??"]
[Source "ChessBase"]
[SourceDate "1996.06.01"]

1. e4 d6 2. d4 g6 3. Nc3 Bg7 4. Be3 a6 5. a4 Nf6 6. h3 O-O 7. Nf3 Nc6 8. Be2 e5 9. O-O exd4 10. Nxd4 Bd7 11. Bc4 Re8 12. Nf3 Be6 13. Bd5 Qd7 14. Qd2 Bxd5 15. exd5 Ne5 16. Nxe5 dxe5 17. Rad1 Rad8 18. Rfe1 Qd6 19. Bg5 Qb6 20. Re2 Rd7 21. Qe1 h6 22. Be3 Qb4 23. Bc1 Qd6 24. b3 c6 25. dxc6 Qxc6 26. Rxd7 Nxd7 27. Ba3 Nc5 28. Bxc5 Qxc5 29. Qd2 Rc8 30. Ne4 Qc6 31. c4 Qb6 32. Qe3 Qxe3 33. Rxe3 f5 34. Nd6 Rd8 35. c5 e4 36. Re1 Rd7 37. g4 Bf8 38. gxf5 Bxd6 39. cxd6 gxf5 40. f3 Rxd6 41. fxe4 Re6 42. Kf2 fxe4 43. b4 Kf7 44. Ke3 Kg6 45. Rg1+ Kh5 46. Rg4 Re7 47. Rf4 Re5 48. Kd4 Re6 49. Kc3 1/2-1/2

[Event "Amber-blind 4th"]
[Site "Monte Carlo"]
[Date "1995.??.??"]
[Round "2"]
[White "Ljubojevic, Ljubomir"]
[Black "Shirov, Alexei"]
[Result "1/2-1/2"]
[WhiteElo "2580"]
[BlackElo "2710"]
[PlyCount "50"]
[EventDate "1995.03.??"]
[Source "ChessBase"]

1. e4 g6 2. d4 Bg7 3. Nc3 c6 4. a4 d6 5. h3 Nf6 6. Nf3 O-O 7. Be3 Nbd7 8. a5 Qc7 9. Bc4 Rb8 10. d5 b5 11. axb6 Nxb6 12. Bb3 cxd5 13. exd5 Nc4 14. Rxa7 Rb7 15. Rxb7 Bxb7 16. Bd4 Nxb2 17. Qb1 e5 18. dxe6 Bxf3 19. exf7+ Kh8 20. gxf3 Nc4 21. Qa2 Qe7+ 22. Kd1 Qb7 23. Ke2 Qe7+ 24. Kd1 Qb7 25. Ke2 Qe7+ 1/2-1/2

[Event "Bad Homburg"]
[Site "?"]
[Date "1997.??.??"]
[Round "?"]
[White "Lutz, Ch"]
[Black "Svidler, P."]
[Result "1-0"]
[WhiteElo "2590"]
[BlackElo "2660"]
[PlyCount "63"]
[EventDate "1997.??.??"]
[Source "ChessBase"]
[SourceDate "1997.06.01"]

1. e4 g6 2. d4 Bg7 3. Nf3 d6 4. Be2 Nf6 5. Nc3 O-O 6. O-O c6 7. Re1 Nbd7 8. e5 Ne8 9. Bf4 dxe5 10. dxe5 Nc7 11. Qc1 Nb6 12. h3 Ne6 13. Bh6 Nd4 14. Nxd4 Qxd4 15. Bd3 Qd8 16. Re4 f5 17. exf6 exf6 18. Bxg7 Kxg7 19. Rh4 h5 20. Ne2 Nd5 21. c4 Ne7 22. Rd4 Qc7 23. Qe3 c5 24. Re4 Nf5 25. Qf3 Nd6 26. Re3 Nf5 27. Re4 Nd6 28. Re3 Nf5 29. Bxf5 Bxf5 30. Ng3 Bd7 31. Re7+ Rf7 32. Ne4 1-0

[Event "Montecatini Terme"]
[Site "?"]
[Date "2000.??.??"]
[Round "?"]
[White "Piket, Je"]
[Black "Minasian, Art"]
[Result "1-0"]
[WhiteElo "2645"]
[BlackElo "2595"]
[PlyCount "95"]
[EventDate "2000.??.??"]
[Source "Chess Informant"]
[SourceDate "2000.06.01"]

1. d4 g6 2. e4 c6 3. Nc3 d6 4. Be3 Nf6 5. Nf3 Bg7 6. Qd2 Bg4 7. h3 Bxf3 8. gxf3 d5 9. O-O-O e6 10. h4 Nh5 11. Ne2 Nd7 12. Ng3 Nxg3 13. fxg3 h5 14. Kb1 Qc7 15. Bf4 Qb6 16. c3 Rd8 17. exd5 cxd5 18. Bd3 Bf6 19. g4 Kf8 20. Bh6+ Bg7 21. Bg5 Rc8 22. Ka1 Qd6 23. Rde1 a6 24. Re2 b5 25. Rhe1 Re8 26. a3 Bf6 27. Bf4 Qb6 28. Bh6+ Bg7 29. Bg5 Qd6 30. Qc2 Bf6 31. Bxf6 Nxf6 32. g5 Ng8 33. Bxg6 fxg6 34. Qxg6 Qd7 35. Rxe6 Rxe6 36. Rxe6 Qf7 37. f4 Ne7 38. Qxf7+ Kxf7 39. Rxa6 Kg7 40. Ra7 Kf8 41. b3 Rg8 42. Ra8+ Kf7 43. Rxg8 Nxg8 44. a4 Ne7 45. a5 Nc6 46. a6 Kg6 47. Kb2 Kf5 48. c4 1-0

[Event "Romania 85/71"]
[Site "?"]
[Date "2002.??.??"]
[Round "?"]
[White "Nisipeanu, L.-D."]
[Black "Istratescu, A."]
[Result "1-0"]
[WhiteElo "2613"]
[BlackElo "2622"]
[PlyCount "87"]
[EventDate "2002.??.??"]
[Source "Chess Informant"]
[SourceDate "2002.06.01"]

1. e4 g6 2. d4 Bg7 3. Nf3 d6 4. Be2 Nf6 5. Nc3 O-O 6. O-O Nc6 7. d5 Nb8 8. Re1 e5 9. dxe6 Bxe6 10. Bf4 Nc6 11. Qd2 Nd7 12. Bg5 Qc8 13. Bh6 Nde5 14. Bxg7 Nxf3+ 15. Bxf3 Kxg7 16. Be2 Qd8 17. f4 Re8 18. Rad1 a6 19. Rf1 f6 20. Bf3 Qd7 21. Qf2 Qf7 22. b3 Rad8 23. Rd2 f5 24. exf5 Qxf5 25. Nd5 Bxd5 26. Bxd5 a5 27. Qf3 h5 28. Qc3+ Qf6 29. Qc4 Re3 30. Bxc6 Rc3 31. Qb5 bxc6 32. Qxa5 Rd7 33. Re2 Qd4+ 34. Kh1 Rf7 35. Qg5 Re3 36. Rxe3 Qxe3 37. Qg3 Qe4 38. Qc3+ Kg8 39. Kg1 c5 40. Re1 Qa8 41. Re6 Qxa2 42. Rxg6+ Kf8 43. Re6 Qb1+ 44. Re1 1-0

[Event "Bad Homburg"]
[Site "Bad Homburg"]
[Date "1997.??.??"]
[Round "5"]
[White "Svidler, Peter"]
[Black "Hickl, Joerg"]
[Result "1-0"]
[WhiteElo "2660"]
[BlackElo "2565"]
[PlyCount "81"]
[EventDate "1997.07.26"]
[Source "ChessBase"]
[SourceDate "1997.10.13"]

1. e4 g6 2. d4 d6 3. Nf3 Bg7 4. Be2 Nf6 5. Nc3 O-O 6. O-O c6 7. Re1 Qc7 8. Bf4 Nh5 9. Bg5 h6 10. Be3 Nf6 11. Qd2 Kh7 12. e5 Nd5 13. exd6 exd6 14. Nxd5 cxd5 15. h3 Bf5 16. c3 Nd7 17. Nh4 Be6 18. Bd3 Qd8 19. Nf3 Nb6 20. Bf4 Qd7 21. Re2 Rae8 22. Qc2 Nc8 23. Rae1 a6 24. Nh4 Kg8 25. Qd2 Kh7 26. Qe3 Bf6 27. Qg3 Rg8 28. Qf3 Bg7 29. Qh5 Bf8 30. Nf3 Rh8 31. Qh4 Kg7 32. Qg3 Rg8 33. Bf5 Re7 34. Bxe6 Rxe6 35. Rxe6 fxe6 36. Bxh6+ Kxh6 37. Qh4+ Kg7 38. Ng5 Rh8 39. Nxe6+ Qxe6 40. Qxh8+ Kxh8 41. Rxe6 1-0

[Event "BL2-Sued 0001"]
[Site "Germany"]
[Date "2001.04.29"]
[Round "9.1"]
[White "Kekelidze, Mikheil"]
[Black "Krasenkow, Michal"]
[Result "1-0"]
[WhiteElo "2511"]
[BlackElo "2702"]
[PlyCount "111"]
[EventDate "2000.10.15"]
[Source "ChessBase"]
[SourceDate "2001.07.03"]

1. d4 g6 2. e4 Bg7 3. Nc3 c6 4. Nf3 d6 5. Be3 Nf6 6. h3 O-O 7. Qd2 b5 8. Bd3 Bb7 9. Bh6 Na6 10. e5 dxe5 11. dxe5 Nd7 12. Bxg7 Kxg7 13. h4 Ndc5 14. h5 Rh8 15. O-O-O Nxd3+ 16. Qxd3 Qxd3 17. h6+ Kf8 18. Rxd3 Nc5 19. Re3 Ne6 20. Rd1 Ke8 21. Nd4 Nxd4 22. Rxd4 c5 23. Rd2 Bc6 24. Nd5 Rc8 25. Ra3 Bxd5 26. Rxd5 e6 27. Rd6 Rc7 28. Rda6 Kd7 29. Rxa7 Rhc8 30. Rxc7+ Rxc7 31. Ra8 Kc6 32. Rh8 f6 33. Rg8 fxe5 34. Rg7 Rc8 35. Rxh7 Rf8 36. Rg7 Rxf2 37. Rxg6 Rf1+ 38. Kd2 Rh1 39. Rxe6+ Kd5 40. Rg6 Ke4 41. Ke2 Kf5 42. Rb6 b4 43. Rc6 Rg1 44. Kf2 Rh1 45. Kf3 Rf1+ 46. Kg3 Rh1 47. a4 bxa3 48. bxa3 Ke4 49. a4 Kd5 50. Rg6 e4 51. a5 Kd4 52. a6 e3 53. Kf3 Rf1+ 54. Ke2 Rf2+ 55. Ke1 Rxc2 56. h7 1-0

[Event "Yerevan"]
[Site "Yerevan"]
[Date "1996.??.??"]
[Round "7"]
[White "Svidler, Peter"]
[Black "Minasian, Artashes"]
[Result "1-0"]
[WhiteElo "2630"]
[BlackElo "2580"]
[PlyCount "77"]
[EventDate "1996.04.??"]
[Source "ChessBase"]

1. e4 g6 2. d4 Bg7 3. Nf3 c6 4. h3 d6 5. a4 Nf6 6. Nc3 O-O 7. Be3 Nbd7 8. a5 e5 9. dxe5 dxe5 10. Qd6 Re8 11. Bc4 Bf8 12. Qd3 Bb4 13. Bxf7+ Kxf7 14. Qc4+ Kg7 15. Qxb4 Nb8 16. Rd1 Qc7 17. O-O Na6 18. Qd6 Nd7 19. Ng5 Qxd6 20. Rxd6 h6 21. Nf3 Nc7 22. Rfd1 Re7 23. Nh4 Nf8 24. Bc5 Re8 25. Nf3 Na6 26. Ba3 g5 27. Rd8 Rxd8 28. Rxd8 Ng6 29. Bd6 Kf6 30. Na4 Ke6 31. b3 b6 32. axb6 Bb7 33. Rxa8 Bxa8 34. Ba3 axb6 35. Nxb6 Bb7 36. Nc4 Nb8 37. Nd6 Ba6 38. Nf5 Nf4 39. Nxh6 1-0

[Event "Skelleftea op"]
[Site "?"]
[Date "2000.??.??"]
[Round "6"]
[White "Dvoirys Semen I"]
[Black "Agrest Evgenij"]
[Result "1/2-1/2"]
[WhiteElo "2591"]
[BlackElo "2604"]
[PlyCount "56"]
[EventDate "2000.??.??"]
[Source "www.chesslib.no"]
[SourceDate "2004.05.04"]

1. e4 d6 2. d4 Nf6 3. Nc3 g6 4. h3 Bg7 5. Nf3 O-O 6. Be3 b6 7. Bd3 Bb7 8. O-O Nbd7 9. Qd2 e5 10. Bh6 c6 11. Rfe1 Re8 12. Bxg7 Kxg7 13. Rad1 Qc7 14. Re3 Nf8 15. Bf1 Ne6 16. g3 Rac8 17. Bg2 a6 18. dxe5 dxe5 19. Qd6 Nc5 20. h4 a5 21. Bh3 Qxd6 22. Rxd6 Rc7 23. a4 Bc8 24. Bxc8 Rexc8 25. Re2 Re7 26. Kg2 h6 27. b3 Rd7 28. Rxd7 Nfxd7 1/2-1/2

[Event "Vikings GM"]
[Site "York"]
[Date "1999.12.14"]
[Round "2"]
[White "Sutovsky, Emil"]
[Black "Hodgson, Julian M"]
[Result "1/2-1/2"]
[WhiteElo "2587"]
[BlackElo "2605"]
[PlyCount "69"]
[EventDate "1999.12.13"]
[Source "ChessBase"]
[SourceDate "2000.04.05"]

1. e4 g6 2. d4 Bg7 3. Nc3 c6 4. Nf3 d6 5. h3 Nf6 6. a4 O-O 7. Be3 d5 8. e5 Ne4 9. Nxe4 dxe4 10. Ng5 c5 11. dxc5 Qc7 12. Nxe4 Qxe5 13. Nc3 Nc6 14. Bd3 f5 15. O-O f4 16. Bd2 f3 17. Re1 Qxc5 18. Be3 Qb4 19. Nd5 Qh4 20. g3 Qxh3 21. Nf4 Rxf4 22. Bf1 Qh5 23. Bxf4 Bg4 24. c3 Rf8 25. Qb3+ Kh8 26. Qxb7 Bh3 27. Qb5 e5 28. Qxc6 Bxf1 29. Rxf1 exf4 30. Rae1 g5 31. Qd5 Qg4 32. Qe6 Qh5 33. Qd5 Qg4 34. Qe6 Qh5 35. Qd5 1/2-1/2

[Event "Woburn, MA"]
[Site "?"]
[Date "1998.03.07"]
[Round "2"]
[White "Perelshteyn Eugene"]
[Black "Shabalov Alexander"]
[Result "0-1"]
[WhiteElo "2468"]
[BlackElo "2724"]
[PlyCount "70"]
[EventDate "1998.??.??"]
[Source "www.chesslib.no"]
[SourceDate "2004.05.04"]

1. e4 g6 2. d4 Bg7 3. Nc3 d6 4. Be3 a6 5. a4 Nf6 6. h3 O-O 7. Nf3 Nbd7 8. Be2 e5 9. dxe5 dxe5 10. O-O b6 11. Nd2 Bb7 12. Qb1 Qe7 13. Bc4 Nc5 14. Nd5 Nxd5 15. Bxd5 Bxd5 16. exd5 f5 17. a5 b5 18. Qa2 Qd6 19. b4 Nd7 20. c4 e4 21. c5 Qf6 22. Nb3 Ne5 23. Bf4 Nd3 24. Qd2 Qf7 25. Rad1 Rfd8 26. c6 Qxd5 27. Nc5 Qxc6 28. Qa2+ Qd5 29. Qxd5+ Rxd5 30. Bxc7 Nxb4 31. Bb6 Nd3 32. Nxd3 exd3 33. Rfe1 Rc8 34. Kh2 b4 35. Re3 b3 0-1

[Event "DEN Ch KO"]
[Site "?"]
[Date "2005.03.28"]
[Round "4.4"]
[White "Hansen Sune Berg"]
[Black "Hansen Curt"]
[Result "1-0"]
[WhiteElo "2553"]
[BlackElo "2633"]
[PlyCount "107"]
[EventDate "2005.??.??"]
[Source "www.chesslib.no"]
[SourceDate "2004.05.04"]

1. e4 d6 2. d4 Nf6 3. Nc3 g6 4. Be3 c6 5. Nf3 Bg7 6. Qd2 O-O 7. h3 b5 8. Bd3 a6 9. Bh6 c5 10. Bxg7 Kxg7 11. e5 Nfd7 12. Be4 Ra7 13. O-O dxe5 14. dxc5 b4 15. Na4 Qa5 16. a3 Qxa4 17. axb4 Qb5 18. Rfe1 Nc6 19. c4 Qxb4 20. Bxc6 Qxc5 21. Ba4 f6 22. b4 Qxc4 23. Rac1 Qf7 24. Qe3 Rb7 25. Red1 e6 26. Rd6 Nb8 27. Rc4 Rc7 28. Rh4 Qe7 29. Qd2 Bb7 30. Bb3 Bd5 31. Qh6+ Kh8 32. Bxd5 Qxd6 33. Bxe6 Rg7 34. Bb3 Nc6 35. Rc4 Nxb4 36. Nh4 a5 37. Rg4 g5 38. Qxg7+ Kxg7 39. Nf5+ Kg6 40. Nxd6 f5 41. Rc4 Rd8 42. Nb7 Rd2 43. Nxa5 Nd3 44. Rc6+ Kg7 45. Nc4 Re2 46. Rc7+ Kf6 47. Rc6+ Kg7 48. Nd6 Rxf2 49. Rc7+ Kf6 50. Rf7+ Kg6 51. Be6 e4 52. Bxf5+ Rxf5 53. Rxf5 e3 54. Kf1 1-0

[Event "ESP-chT"]
[Site "Barcelona"]
[Date "2000.08.09"]
[Round "5"]
[White "Rodriguez Cespedes, Amador"]
[Black "Topalov, Veselin"]
[Result "1/2-1/2"]
[WhiteElo "2477"]
[BlackElo "2707"]
[PlyCount "43"]
[EventDate "2000.08.05"]
[Source "ChessBase"]
[SourceDate "2000.09.14"]

1. e4 d6 2. d4 Nf6 3. Nc3 g6 4. Nf3 c6 5. a4 Bg7 6. h3 O-O 7. Be3 b6 8. Be2 Qc7 9. O-O Nbd7 10. Re1 Rd8 11. Qd2 Bb7 12. Bh6 a6 13. Bxg7 Kxg7 14. Qe3 e5 15. Bf1 b5 16. dxe5 dxe5 17. b3 h6 18. g3 Nf8 19. Nb1 Ne6 20. c3 Bc8 21. Nbd2 Bd7 22. Ra2 1/2-1/2

[Event "Skelleftea op"]
[Site "?"]
[Date "2000.??.??"]
[Round "4"]
[White "Dvoirys Semen I"]
[Black "Chernin Alexander"]
[Result "1/2-1/2"]
[WhiteElo "2591"]
[BlackElo "2583"]
[PlyCount "23"]
[EventDate "2000.??.??"]
[Source "www.chesslib.no"]
[SourceDate "2004.05.04"]

1. e4 d6 2. d4 Nf6 3. Nc3 g6 4. h3 Bg7 5. Nf3 O-O 6. Be3 a6 7. Bd3 b5 8. O-O Bb7 9. b4 Nc6 10. Rb1 e5 11. dxe5 Nxe5 12. Nxe5 1/2-1/2

[Event "Terrassa"]
[Site "Terrassa ESP"]
[Date "1992.??.??"]
[Round "1"]
[White "Gavrikov, Viktor N"]
[Black "Azmaiparashvili, Zurab A"]
[Result "1/2-1/2"]
[WhiteElo "2560"]
[BlackElo "2610"]
[PlyCount "41"]
[EventDate "1992.05.??"]
[Source "www.chesslib.no"]
[SourceDate "2004.05.04"]

1. e4 d6 2. d4 g6 3. Nf3 Bg7 4. Be2 Nf6 5. Nc3 Bg4 6. O-O Nc6 7. d5 Bxf3 8. Bxf3 Ne5 9. Be2 c6 10. a4 Qa5 11. Ra3 O-O 12. Be3 Rfc8 13. Rb3 Rab8 14. Qd4 a6 15. Qb6 Qxb6 16. Bxb6 cxd5 17. exd5 Nc4 18. Bxc4 Rxc4 19. Ba7 Rd8 20. Rxb7 Nd7 21. Re1 1/2-1/2

[Event "Corus-C"]
[Site "Wijk aan Zee"]
[Date "2002.01.25"]
[Round "7"]
[White "Iordachescu, Viorel"]
[Black "Istratescu, Andrei"]
[Result "1/2-1/2"]
[WhiteElo "2561"]
[BlackElo "2603"]
[PlyCount "55"]
[EventDate "2002.01.??"]
[Source "ChessBase"]
[SourceDate "2002.03.14"]

1. e4 g6 2. d4 Bg7 3. Nf3 d6 4. Be2 Nf6 5. Nc3 O-O 6. O-O Nc6 7. Be3 Bg4 8. d5 Bxf3 9. Bxf3 Nb8 10. Re1 c6 11. a4 a5 12. Be2 Nfd7 13. Bf1 Na6 14. h4 Ndc5 15. h5 Re8 16. Bd4 Bxd4 17. Qxd4 Nb4 18. Qd2 e6 19. dxe6 Nxe6 20. Rad1 Qh4 21. hxg6 hxg6 22. g3 Qg5 23. Bg2 Rad8 24. Re3 Qc5 25. Rc1 Qb6 26. Rd1 Qc5 27. Rc1 Qb6 28. Rd1 1/2-1/2

[Event "OHRA-B"]
[Site "Amsterdam OHRA-B"]
[Date "1989.??.??"]
[Round "?"]
[White "Gelfand, Boris"]
[Black "Azmaiparashvili, Zurab A"]
[Result "1/2-1/2"]
[WhiteElo "2600"]
[BlackElo "2560"]
[PlyCount "49"]
[EventDate "1989.??.??"]
[Source "www.chesslib.no"]
[SourceDate "2004.05.04"]

1. e4 d6 2. d4 Nf6 3. Nc3 g6 4. Be2 Bg7 5. Nf3 Bg4 6. h3 Bxf3 7. Bxf3 Nc6 8. Ne2 e5 9. d5 Nd4 10. Nxd4 exd4 11. O-O Qd7 12. Qd2 Qb5 13. a4 Qc5 14. a5 Nd7 15. b4 Qc3 16. Qxc3 dxc3 17. a6 Rb8 18. Be3 bxa6 19. Rxa6 Rxb4 20. Rxa7 Rc4 21. Be2 Rxe4 22. Bb5 Re7 23. Rxc7 Bh6 24. g4 g5 25. Be2 1/2-1/2

[Event "New York op"]
[Site "New York"]
[Date "1998.03.16"]
[Round "2"]
[White "Ziatdinov, Raset"]
[Black "Chernin, Alexander"]
[Result "0-1"]
[WhiteElo "2515"]
[BlackElo "2645"]
[PlyCount "82"]
[EventDate "1998.03.16"]
[Source "ChessBase"]
[SourceDate "1998.06.15"]

1. e4 g6 2. d4 Bg7 3. Nf3 d6 4. Be2 Nf6 5. Nc3 O-O 6. O-O Bg4 7. Be3 Nc6 8. d5 Nb8 9. Ng5 Bxe2 10. Qxe2 c6 11. Rad1 Qa5 12. f4 Qa6 13. Qf3 Nbd7 14. Qh3 h6 15. Nf3 h5 16. Bd4 c5 17. Bxf6 Nxf6 18. Qh4 b5 19. Ne2 Qa4 20. Ng3 Qxc2 21. e5 dxe5 22. fxe5 Ng4 23. Rd2 Qc4 24. Qxe7 Rae8 25. d6 Bh6 26. b3 Qb4 27. e6 Rxe7 28. dxe7 Bxd2 29. exf7+ Kxf7 30. exf8=Q+ Kxf8 31. Nxd2+ Kg7 32. Nge4 Qd4+ 33. Kh1 c4 34. bxc4 bxc4 35. h3 Ne3 36. Rf4 c3 37. Nf3 Qd1+ 38. Kh2 Nf1+ 39. Kg1 Nd2+ 40. Kf2 Nxe4+ 41. Rxe4 c2 0-1

[Event "Montreal 4th"]
[Site "Montreal"]
[Date "2003.07.31"]
[Round "8"]
[White "Rozentalis, Eduardas"]
[Black "Lugovoi, Aleksei"]
[Result "1/2-1/2"]
[WhiteElo "2586"]
[BlackElo "2566"]
[PlyCount "80"]
[EventDate "2003.07.23"]
[Source "ChessBase"]
[SourceDate "2003.11.11"]

1. e4 d6 2. d4 g6 3. Nf3 Bg7 4. Nc3 Bg4 5. Be2 Nf6 6. O-O O-O 7. Be3 Nc6 8. Nd2 Qc8 9. f3 Bd7 10. Nb3 e5 11. Qd2 exd4 12. Nxd4 Nxd4 13. Bxd4 Bc6 14. Nd1 Qe6 15. Ne3 Nd7 16. Bc4 Qe7 17. c3 Rfe8 18. Rae1 Nb6 19. Bb3 Bb5 20. Rf2 Bd7 21. Bc2 Bc6 22. f4 Bxd4 23. Qxd4 Nd7 24. Ng4 h5 25. Ne3 Qf6 26. Nc4 Qxd4 27. cxd4 Nf6 28. e5 Ng4 29. Rd2 b5 30. Ne3 Nxe3 31. Rxe3 Bd5 32. Bb3 Bxb3 33. Rxb3 a6 34. Rc3 Rad8 35. e6 c5 36. exf7+ Kxf7 37. b3 Rc8 38. dxc5 dxc5 39. Rdc2 Red8 40. Kf2 Rd5 1/2-1/2

[Event "Extraliga 2004"]
[Site "Dzwirzyno"]
[Date "2004.??.??"]
[Round "?"]
[White "Jaracz, Pawel"]
[Black "Krasenkow, Michal"]
[Result "1/2-1/2"]
[WhiteElo "2539"]
[BlackElo "2609"]
[PlyCount "55"]
[EventDate "2004.09.04"]
[Source "Roberto Alvarez"]
[SourceDate "2004.10.05"]

1. e4 g6 2. d4 Bg7 3. Nc3 c6 4. Nf3 d6 5. Be3 Nf6 6. Qd2 b5 7. Bd3 Ng4 8. Bg5 h6 9. Bh4 O-O 10. O-O g5 11. Bg3 e5 12. dxe5 Nxe5 13. Nxe5 dxe5 14. a4 b4 15. Nd1 a5 16. Ne3 Na6 17. Nc4 Nc5 18. Bxe5 Bxe5 19. Nxe5 Qd4 20. Nf3 Qxb2 21. Qe3 Qc3 22. h4 f6 23. e5 Nxd3 24. cxd3 Bf5 25. Rfd1 Rae8 26. Rac1 Qa3 27. Ra1 Qc3 28. Rac1 1/2-1/2

[Event "Tel Aviv"]
[Site "?"]
[Date "1999.??.??"]
[Round "?"]
[White "Lutz, Ch"]
[Black "Kantsler, B."]
[Result "1/2-1/2"]
[WhiteElo "2610"]
[BlackElo "2535"]
[PlyCount "103"]
[EventDate "1999.??.??"]
[Source "Chess Informant"]
[SourceDate "1999.06.01"]

1. e4 g6 2. d4 Bg7 3. Nf3 d6 4. Be2 Nf6 5. Nc3 O-O 6. O-O c6 7. a4 Qa5 8. Be3 Nbd7 9. Nd2 Qc7 10. f4 b6 11. e5 Nd5 12. Nxd5 cxd5 13. Bd3 dxe5 14. fxe5 f6 15. e6 Nb8 16. Bf4 Qc6 17. Re1 Bxe6 18. Qe2 Bf7 19. Qxe7 Qc8 20. Qc7 Qxc7 21. Bxc7 Nc6 22. c3 Rfc8 23. Bf4 a6 24. Nb3 a5 25. Bb5 Ra7 26. Re2 g5 27. Bd6 Rd7 28. Ba3 Bf8 29. Bxf8 Kxf8 30. Rf1 Rd6 31. Nd2 Rc7 32. Rfe1 Re7 33. Nf1 Rxe2 34. Rxe2 Ne7 35. Ne3 Be6 36. Kf2 Kf7 37. Ke1 h5 38. g3 Rd8 39. Kd2 Rh8 40. b3 h4 41. c4 hxg3 42. hxg3 Rh3 43. cxd5 Nxd5 44. Bc4 Nxe3 45. Rxe3 Bxc4 46. bxc4 Rh2+ 47. Re2 Rxe2+ 48. Kxe2 f5 49. d5 Ke7 50. Ke3 Kd7 51. Kd3 Ke7 52. Ke3 1/2-1/2

[Event "Kropotkin"]
[Site "?"]
[Date "1995.??.??"]
[Round "?"]
[White "Malaniuk, V."]
[Black "Tseshkovsky, V."]
[Result "1/2-1/2"]
[WhiteElo "2615"]
[BlackElo "2530"]
[PlyCount "87"]
[EventDate "1995.??.??"]
[Source "ChessBase"]
[SourceDate "1995.02.01"]

1. d4 d6 2. e4 Nf6 3. Nc3 g6 4. Be2 Bg7 5. Nf3 O-O 6. O-O Nc6 7. Be3 Bg4 8. d5 Bxf3 9. Bxf3 Ne5 10. Be2 c6 11. f4 Ned7 12. dxc6 bxc6 13. Qd3 Qb8 14. a3 Rd8 15. Rad1 Ne8 16. b3 Nc7 17. Kh1 Qb7 18. Bg1 a5 19. h4 Ne6 20. Qh3 Nec5 21. e5 dxe5 22. f5 gxf5 23. Qxf5 Rf8 24. Rxd7 Nxd7 25. Bd3 e4 26. Qxe4 f5 27. Rxf5 Rxf5 28. Qxf5 Nf8 29. Ne4 e6 30. Qg5 Qf7 31. a4 h6 32. Qc5 Qd7 33. Bf2 Qd5 34. Qe7 Qd8 35. Qb7 Qc8 36. Qb6 Nd7 37. Qe3 Ne5 38. Be2 Qf8 39. Bg3 Rd8 40. Bf4 Qf5 41. Bxh6 Bxh6 42. Qxh6 Qxe4 43. Qg5+ Kh7 44. Qe7+ 1/2-1/2

[Event "Las Palmas"]
[Site "?"]
[Date "1992.??.??"]
[Round "?"]
[White "Morovic Fernandez, I."]
[Black "Nogueiras, J."]
[Result "1/2-1/2"]
[WhiteElo "2570"]
[BlackElo "2570"]
[PlyCount "98"]
[EventDate "1992.??.??"]
[Source "ChessBase"]
[SourceDate "1993.02.01"]

1. e4 d6 2. d4 g6 3. Nf3 Bg7 4. Be2 Nf6 5. Nc3 O-O 6. O-O c6 7. Bf4 Nbd7 8. Re1 Qa5 9. Nd2 Qc7 10. d5 Nb6 11. Bf3 cxd5 12. exd5 Re8 13. a4 Bd7 14. Be3 Nc4 15. Nxc4 Qxc4 16. Bd4 h5 17. b3 Qc7 18. Ne4 Nxe4 19. Bxe4 e5 20. dxe6 Rxe6 21. Bxg7 Kxg7 22. Qd4+ Kg8 23. Bd5 Re5 24. f4 Rxe1+ 25. Rxe1 Re8 26. Rxe8+ Bxe8 27. Qe4 Kf8 28. Bxb7 Bd7 29. Kf1 Bf5 30. Qc6 Qxc6 31. Bxc6 Bxc2 32. b4 Ke7 33. a5 h4 34. Ke2 Kd8 35. Ke3 Bb3 36. Kd4 Be6 37. b5 Kc7 38. Bd5 Kb8 39. Kc4 Kc7 40. Kd4 Kd7 41. Bc6+ Kc7 42. Bd5 Kc8 43. Ke4 Kc7 44. Bxe6 fxe6 45. Kf3 d5 46. Kg4 Kd6 47. Kxh4 Kc5 48. g4 Kxb5 49. Kg3 Kc4 1/2-1/2

[Event "Capablanca Elite"]
[Site "?"]
[Date "1997.05.20"]
[Round "11"]
[White "Morovic Fernandez Ivan E"]
[Black "Arencibia Walter"]
[Result "1-0"]
[WhiteElo "2580"]
[BlackElo "2560"]
[PlyCount "91"]
[EventDate "1997.??.??"]
[Source "www.chesslib.no"]
[SourceDate "2004.05.04"]

1. e4 g6 2. d4 Bg7 3. Nf3 d6 4. Be2 Nf6 5. Nc3 O-O 6. O-O a6 7. Re1 Nc6 8. d5 Na7 9. h3 Bd7 10. a4 b5 11. e5 dxe5 12. Nxe5 b4 13. Na2 a5 14. Bf3 Nc8 15. c4 bxc3 16. Nxc3 Nd6 17. Ne2 Nfe4 18. Nxd7 Qxd7 19. Nd4 Nc5 20. Nc6 Rfe8 21. Qc2 Ncb7 22. Bd2 Nf5 23. Rac1 Nh4 24. Be4 Nd6 25. Bxa5 f5 26. Bd3 f4 27. Bf1 Nf7 28. Qe4 Bxb2 29. Rcd1 g5 30. Bb4 Bf6 31. a5 Nd6 32. Qe6+ Qxe6 33. Rxe6 Ng6 34. a6 Nf8 35. Ree1 Nd7 36. a7 Nb6 37. Ba6 Ndc8 38. Bb7 Rxa7 39. Nxa7 Nxa7 40. Rc1 Rb8 41. Ba6 Nxd5 42. Bc4 Rxb4 43. Bxd5+ Kg7 44. Rxc7 Nb5 45. Rb7 Rb2 46. Bc4 1-0

[Event "Elite, Ha"]
[Site "?"]
[Date "1997.??.??"]
[Round "11"]
[White "Morovic Fernandez Ivan"]
[Black "Arencibia Walter"]
[Result "1-0"]
[WhiteElo "2580"]
[BlackElo "2560"]
[PlyCount "91"]
[EventDate "1997.??.??"]
[Source "www.chesslib.no"]
[SourceDate "2004.05.04"]

1. e4 g6 2. d4 Bg7 3. Nf3 d6 4. Be2 Nf6 5. Nc3 O-O 6. O-O a6 7. Re1 Nc6 8. d5 Na7 9. h3 Bd7 10. a4 b5 11. e5 dxe5 12. Nxe5 b4 13. Na2 a5 14. Bf3 Nc8 15. c4 bxc3 16. Nxc3 Nd6 17. Ne2 Nfe4 18. Nxd7 Qxd7 19. Nd4 Nc5 20. Nc6 Rfe8 21. Qc2 Ncb7 22. Bd2 Nf5 23. Rac1 Nh4 24. Be4 Nd6 25. Bxa5 f5 26. Bd3 f4 27. Bf1 Nf7 28. Qe4 Bxb2 29. Rcd1 g5 30. Bb4 Bf6 31. a5 Nd6 32. Qe6+ Qxe6 33. Rxe6 Ng6 34. a6 Nf8 35. Ree1 Nd7 36. a7 Nf8 37. Ba6 h6 38. Bb7 Rxa7 39. Ne5 Raa8 40. Rb1 Nf7 41. Bd2 Ra4 42. Rbc1 Ra5 43. Rc5 Kh7 44. Rc2 Ra2 45. Ba6 Rxc2 46. Bc1 1-0